| 000 | 01062cam a22002537a 4500 | ||
|---|---|---|---|
| 008 | |||
| 020 | _a1919795588 | ||
| 049 | _aMAIN | ||
| 090 |
_aQK530.A356 _bROU |
||
| 100 | 1 | _aRoux, J.P. | |
| 245 | 1 | 0 |
_aConspectus of southern African Pteridophyta : _ban enumeration of the Pteridophyta of Angola, Botswana, Lesotho, Malawi, Mozambique, Namibia, South Africa (including the Marion Island group), Swaziland, Zambia, and Zimbabwe / _cJ.P. Roux. |
| 260 |
_aPretoria, South Africa : _bProject Coordinator, Southern African Botanical Diversity Network, c/o National Botanical Institute, _c2001. |
||
| 300 |
_a223 p. : _bill., map ; _c30 cm. |
||
| 440 | 0 |
_aSouthern African Botanical Diversity Network report ; _vno. 13 |
|
| 500 | _a"November 2001." | ||
| 504 | _aIncludes bibliographical references. | ||
| 500 | _aIncludes index. | ||
| 650 | 0 |
_aPteridophyta _zAfrica, Southern. |
|
| 907 |
_a.b10205718 _b02-11-12 _c19-06-06 |
||
| 003 | |||
| 005 | 20230123134225.0 | ||
| 040 | _cNUST | ||
| 942 |
_cBOOKS _kQK530.A356 _mROU |
||
| 999 |
_c162175 _d162175 |
||